Experimentálna mikroekonómia a jej aplikácia v marketingovom manažmente zborník charakteru vedeckej monografie k vedeckému projektu VEGA č. 1/0493/08 v redakcii Vandy Lieskovej
Saved in:
| Corporate Author: | |
|---|---|
| Other Authors: | |
| Format: | Book |
| Language: | Slovak |
| Published: |
Bratislava
Vydavateľstvo EKONÓM
2009
|
| Subjects: | |
| Tags: |
No Tags, Be the first to tag this record!
|
MARC
| LEADER | 00000nlm$a2200000$$$4500 | ||
|---|---|---|---|
| 001 | 0108862 | ||
| 005 | 20240611074116.1 | ||
| 020 | |a 978-80-225-2876-4 | ||
| 041 | 0 | |a slo | |
| 044 | |a SK | ||
| 245 | 1 | 0 | |a Experimentálna mikroekonómia a jej aplikácia v marketingovom manažmente |b zborník charakteru vedeckej monografie k vedeckému projektu VEGA č. 1/0493/08 v redakcii Vandy Lieskovej |c v redakcii Vandy Lieskovskej |
| 264 | 1 | |a Bratislava |b Vydavateľstvo EKONÓM |c 2009 | |
| 300 | |a CD-ROM | ||
| 610 | 2 | 0 | |a mikroekonomika |
| 610 | 2 | 0 | |a experimenty |
| 610 | 2 | 0 | |a manažment |
| 610 | 2 | 0 | |a marketing |
| 700 | 1 | |a Lieskovská, Vanda, 1961- | |
| 110 | 2 | |a Ekonomická univerzita v Bratislave. Podnikovohospodárska fakulta so sídlom v Košiciach | |